| 000 | 00716nam a2200253Ia 4500 | ||
|---|---|---|---|
| 003 | OSt | ||
| 005 | 20220912145051.0 | ||
| 006 | a|||||r|||| 00| 0 | ||
| 007 | ta | ||
| 008 | 220909b |||||||| |||| 00| 0 eng d | ||
| 024 | _a67263 | ||
| 037 | _cTextual | ||
| 040 |
_aCSL _beng _cCSL |
||
| 041 | _aeng | ||
| 082 | _aD3:4:(B6), N0 | ||
| 100 | _aKantor William M Ed. | ||
| 245 | 0 | _aFinite geometries, building and related topics | |
| 260 |
_aOxford _bClarendon Press _c1990 |
||
| 300 |
_axii, 159p. _ccm. |
||
| 650 | _aBuilding engineering | ||
| 700 | _a Liebler Robert A Ed. | ||
| 942 |
_hD3:4:(B6), N0 _cTEXL _2CC |
||
| 999 |
_c22289 _d22289 |
||